Zimmerpflanzen - Statistiken

Allgemein
  • Dieses Quiz wurde 417 mal gespielt
  • Das Durchschnittsergebnis liegt bei 6 aus 16
Antwortstatistiken
Bildquiz Antwort % Korrekt
Kaktus
97%
Farn
69%
Aloe Vera
67%
Bambus
63%
Monstera
61%
Efeutute
33%
Elefantenfuß
27%
Pilea
26%
Einblatt
24%
Drachenbaum
22%
Bananenpflanze
20%
Alocasia
17%
Ficus
17%
Calathea
16%
Spargel
13%
Strelitzie
8%
Keine übereinstimmenden Quizze gefunden
Verteilung der Resultate
Anzahl Personen mit jedem Resultat
Perzentil nach korrekt beantworteten Fragen
Ihre Resultats-Entwicklung
Sie haben dieses Quiz noch nicht gespielt